Bioatatistics : (Record no. 39630)

MARC details
000 -LEADER
fixed length control field 00766nam a22002177a 4500
005 - DATE AND TIME OF LATEST TRANSACTION
control field 20100806110851.0
010 ## - LCCN (DPL NO)
LC control number ENG-98491
020 ## - INTERNATIONAL STANDARD BOOK NUMBER
International Standard Book Number 9789380599038
Terms of availability 100.00
035 ## - SYSTEM CONTROL NUMBER
System control number 82124
037 ## - SOURCE OF ACQUISITION
Source of stock number/acquisition DBAD/PUB
082 ## - DEWEY DECIMAL CLASSIFICATION NUMBER
Classification number 570.15195
100 ## - MAIN ENTRY--PERSONAL NAME
Personal name Saha, Indranil
245 ## - TITLE STATEMENT
Title Bioatatistics :
Remainder of title mcq and essentials /
Statement of responsibility, etc by Indranil Saha and Bobby paul
260 ## - PUBLICATION, DISTRIBUTION, ETC. (IMPRINT)
Place of publication, distribution, etc Kolkata
Name of publisher, distributor, etc Academic Publishers
Date of publication, distribution, etc 2010
270 ## - ADDRESS
Address 5A, Bhawani Dutta Lane
City Kolkata
Postal code 700073
300 ## - PHYSICAL DESCRIPTION
Extent xi, 110p.
Dimensions 23cm (pbk)
500 ## - GENERAL NOTE
General note Includes index
700 ## - ADDED ENTRY--PERSONAL NAME
Personal name Paul, Bobby
9 (RLIN) 7389
942 ## - ADDED ENTRY ELEMENTS (KOHA)
Source of classification or shelving scheme Dewey Decimal Classification
Item type English Books
Classification part 570.15195
Call number suffix SAH
Holdings
Withdrawn status Lost status Not for loan Collection code Home library Current library Date acquired Source of acquisition Cost, normal purchase price Full call number Barcode Copy number Cost, replacement price Koha item type
    Not For Loan Non-fiction D.B.Act.Division D.B.Act.Division 06/08/2010 DABD/PUB 100.00 570.15195 SAH EN-82024 1 100.00 English Books

© Delhi Public Library
Hit Counter
free hit counter